Le nom propre en discours
Gespeichert in:
| Körperschaft: | |
|---|---|
| Format: | Buch |
| Sprache: | Französisch |
| Veröffentlicht: |
París
Presses Sobornne Nouvelle
2009
|
| Schriftenreihe: | Les Carnets du Cediscor, 11
|
| Schlagworte: | |
| Tags: |
Tag hinzufügen
Keine Tags, Fügen Sie den ersten Tag hinzu!
|
MARC
| LEADER | 00000nam a2200000 a 4500 | ||
|---|---|---|---|
| 001 | UCG0094 | ||
| 003 | CL-VaPUC | ||
| 008 | 100312e20090000FR |||||||||||||||||fre|d | ||
| 020 | |a 9782878544497 | ||
| 082 | 0 | 4 | |a 401.41 |b CEN |2 21 |
| 110 | 2 | |a Centre de Recherche sur les Discours Ordinaires et Spécialisés |e author |9 547477 | |
| 245 | 1 | 3 | |a Le nom propre en discours |
| 300 | |a 203 p | ||
| 942 | |c BK | ||
| 945 | |d 20100312 00:00:00 |a rbrito | ||
| 260 | |a París |b Presses Sobornne Nouvelle |c 2009 | ||
| 650 | 0 | |a Análisis del discurso |9 256696 | |
| 650 | 0 | |a Discursos |9 265028 | |
| 650 | 0 | |a Medios de comunicación de masas |9 257273 | |
| 583 | |a last modification |c 20121105 03:17:49 |k Rodrigo Vera | ||
| 490 | 0 | |a Les Carnets du Cediscor, 11 | |
| 999 | |c 339845 |d 339843 | ||
| 952 | |0 0 |1 0 |4 0 |6 401_410000000000000_CEN_2009 |7 0 |8 A |9 434071 |a FDOPOS |b FDOPOS |d 2019-11-22 |i 4641132 |o 401.41 CEN 2009 |p 4641132 |r 2025-01-22 |w 2019-11-22 |y BK |k DLA | ||